Statistiques concernant Prénoms filles par lettre de 2000 à 2023

Cliquez ici pour prendre le quiz!

Statistiques générales

  • Ce quiz a été pris 9 747 fois
    (1 584 depuis la dernière actualisation)
  • Le résultat moyen est 62 sur 211

Statistiques - réponses

HintRéponse% Correct
LLou
85%
LLéa
81%
EEmma
79%
JJulie
79%
MMarie
78%
AAnna
77%
ZZoé
77%
CChloé
72%
CCamille
69%
MManon
69%
LLouise
67%
AAlice
66%
SSara
65%
CClara
64%
JJuliette
64%
IInès
60%
JJade
60%
LLaura
59%
LLola
59%
LLisa
57%
PPauline
56%
EEmilie
54%
EEva
54%
LLucie
54%
AAmélie
53%
JJeanne
53%
JJulia
53%
LLina
53%
RRomane
52%
RRose
52%
AAnaïs
51%
EÉlisa
51%
CCharlotte
50%
EÉlise
50%
LLilou
50%
LLéna
49%
SSophie
49%
MMathilde
47%
AAlicia
46%
JJustine
46%
CClémence
45%
MMarine
44%
SSarah
44%
AAmbre
43%
CCarla
43%
LLaure
43%
LLise
43%
NNina
43%
NNoémie
43%
VValentine
43%
LLouna
42%
OOcéane
42%
LLily
41%
VVictoire
41%
AAurélie
40%
LLila
40%
LLouane
40%
MMaria
40%
MMarion
40%
AAmandine
39%
CCélia
39%
MMargot
37%
VVictoria
37%
EElena
36%
OOlivia
36%
TThéa
36%
AAgathe
35%
EÉloïse
35%
GGabrielle
35%
LLana
35%
LLuna
35%
MMaëlle
35%
IIris
34%
MMaëlys
34%
MMargaux
34%
FFanny
33%
CClémentine
32%
NNinon
31%
EElsa
30%
SSofia
30%
ZZélie
30%
AAlba
29%
AAlexandra
29%
HHéloïse
29%
MMila
29%
AAudrey
28%
FFlora
28%
MMia
28%
AAdèle
27%
CCharline
27%
CClaire
27%
LLéane
27%
LLéonie
27%
MMorgane
27%
AAlexia
26%
AAnaé
26%
AAurore
26%
CCharlie
26%
EElodie
26%
EEmy
26%
MMaëva
26%
MMélanie
26%
MMélissa
26%
AAlix
25%
AAmélia
25%
CCoralie
25%
SSolène
25%
YYasmine
25%
CCassandra
24%
CCloé
24%
EEstelle
24%
OOphélie
24%
SSalomé
24%
CColine
23%
EÉléa
23%
GGaëlle
23%
EÉlina
22%
FFaustine
22%
LLaurie
22%
LLaurine
22%
LLou Anne
22%
LLouisa
22%
MMelina
22%
AAndréa
21%
CCapucine
21%
DDiane
21%
IIlona
21%
LLéana
21%
MMaya
21%
MMéline
21%
AAxelle
20%
CCassandre
20%
CCléa
20%
EÉléonore
20%
EEline
20%
FFiona
20%
RRomy
20%
AAva
19%
CConstance
19%
EElla
19%
EEmmy
19%
JJessica
19%
LLison
19%
NNora
19%
RRoxane
19%
AAria
18%
CClarisse
18%
EÉmeline
18%
GGarance
18%
MMarina
18%
AAlma
17%
KKelly
17%
KKenza
17%
LLya
17%
TThaïs
17%
AAnaëlle
16%
CCandice
16%
CChiara
16%
HHanna
16%
JJoséphine
16%
LLoane
16%
AApolline
15%
AAya
15%
FFlavie
15%
LLucile
15%
RRachel
15%
SSabrina
15%
AAlbane
14%
AAlizée
14%
AAngèle
14%
AAssia
14%
AAlya
13%
EEnora
13%
GGiulia
13%
IInaya
13%
MMyriam
13%
NNoûr
13%
SStella
13%
VValentina
13%
CCéleste
12%
JJennifer
12%
LLyna
12%
AAngelina
11%
JJoy
11%
SSuzanne
11%
EEden
10%
GGloria
10%
MMya
10%
SSoline
10%
LLivia
9%
CCindy
8%
LLudivine
8%
LLylou
8%
AAbigaël
7%
HHanaé
7%
IIlyana
7%
LLily Rose
7%
MMaddy
7%
AArya
6%
EEllie
6%
LLyana
6%
TTiffany
6%
AAbby
5%
EEsmée
5%
MMaïssa
5%
MManël
5%
MMyla
5%
NNolwenn
4%
SShanna
4%
NNelya
3%
CCataléya
1%

Distribution des résultats

Percentile par nombre de réponses

% des personnes avec chaque résultat

Votre développement - résultats

Vous n’avez pas pris ce quiz depuis la dernière actualisation